Valtioita osittaisten lippujen mukaan #6 - Statistics

Yleistilastot
  • Tätä visaa on pelattu 392 kertaa
  • Keskiarvotulos 11 / 16
Vastaustilastot
Kuvavisa Hint Vastaus % Oikein
Tšekki
99%
Italia
98%
Slovakia
96%
Liettua
84%
Kuuba
78%
Bahrain
73%
Kirgisia
70%
Liechtenstein
70%
Liberia
68%
Libya
67%
Brunei
66%
Mikronesia
57%
Eritrea
54%
Huom: valtiolippu Peru
53%
Vanuatu
48%
Oman
38%
Ehtoja vastaavia visoja ei löytynyt
Tulosjakauma
Jokaisen tuloksen saaneiden osuus
Persentiili vastausten määrän mukaan
Tuloshistoriasi
Et ole pelannut tätä visaa